000 00427nam a2200169 a 4500
001 0000-9139
003 ELIB.Books
008 110520 1953
035 _a(ELIB.Books)0000-9291
082 _a227
_bAnd
100 _aAnderson, Roy Allan
245 _aUnfolding the Revelation
260 _bCalifornia: Pacific Press
_c1953
650 _aNew Testament
942 _2ddc
_cBK
998 _cbat
_e2011-05-20
999 _c9139
_d9139